Selia e Shejtë dhe Kriza në Kosovë (Record no. 60852)
[ view plain ]
| 000 -LEADER | |
|---|---|
| fixed length control field | 00271nam a22001217a 4500 |
| 008 - FIXED-LENGTH DATA ELEMENTS--GENERAL INFORMATION | |
| fixed length control field | 260225b ||||| |||| 00| 0 eng d |
| 041 ## - LANGUAGE CODE | |
| Language code of text/sound track or separate title | eng |
| 080 ## - UNIVERSAL DECIMAL CLASSIFICATION NUMBER | |
| Universal Decimal Classification number | 2.1 |
| 100 ## - Rafti | |
| Rafti | 20.1 |
| 101 ## - Shkurtesa | |
| Shkurtesa | Histori |
| 245 ## - TITLE STATEMENT | |
| Title | Selia e Shejtë dhe Kriza në Kosovë |
| 942 ## - ADDED ENTRY ELEMENTS (KOHA) | |
| Source of classification or shelving scheme | |
| Item type | Books |
| Withdrawn status | Lost status | Source of classification or shelving scheme | Damaged status | Not for loan | Collection code | Permanent location | Current location | Date acquired | Total Checkouts | Barcode | Date last seen | Price effective from | Koha item type |
|---|---|---|---|---|---|---|---|---|---|---|---|---|---|
| Koleksioni i përgjithshem | UBT - Lipjan | UBT - Lipjan | 02/25/2026 | 002-800070999643 | 02/25/2026 | 02/25/2026 | Books | ||||||
| Koleksioni i përgjithshem | UBT - Lipjan | UBT - Lipjan | 02/25/2026 | 002-800070999644 | 02/25/2026 | 02/25/2026 | Books | ||||||
| Koleksioni i përgjithshem | UBT - Lipjan | UBT - Lipjan | 02/25/2026 | 002-800070999645 | 02/25/2026 | 02/25/2026 | Books | ||||||
| Koleksioni i përgjithshem | UBT - Lipjan | UBT - Lipjan | 03/05/2026 | 00380007099915 | 03/05/2026 | 03/05/2026 | Books | ||||||
| Koleksioni i përgjithshem | UBT - Lipjan | UBT - Lipjan | 03/05/2026 | 0038000709916 | 03/05/2026 | 03/05/2026 | Books | ||||||
| UBT - Lipjan | UBT - Lipjan | 03/16/2026 | 003-800070999191 | 03/16/2026 | 03/16/2026 | Books | |||||||
| UBT - Lipjan | UBT - Lipjan | 03/16/2026 | 003-800070999192 | 03/16/2026 | 03/16/2026 | Books |